Berühmte Personen aus Niedersachsen - Statistiken

Allgemein
  • Dieses Quiz wurde 209 mal gespielt
    153 seit der letzten Aktualisierung
  • Das Durchschnittsergebnis liegt bei 12 aus 20
Antwortstatistiken
Bildquiz Hint Antwort % Korrekt
Osnabrück Olaf Scholz
100%
Emden Otto Waalkes
98%
Berne Dieter Bohlen
95%
Hannover Lena Meyer-Landrut
89%
Oldenburg Klaas Heufer-Umlauf
86%
Hannover Annalena Baerbock
85%
Hannover Oliver Pocher
83%
Göttingen Herbert Grönemeyer
72%
Delmenhorst Sarah Connor
72%
Osnabrück Boris Pistorius
67%
Hannover Niclas Füllkrug
63%
Braunschweig Wolfgang Kubicki
52%
Kurchweyhe Katja Riemann
33%
Kneitlingen Till Eulenspiegel
33%
Wiedensahl Wilhelm Busch
28%
Algermissen Diane Kruger
25%
Salzgitter Marti Fischer
23%
Braunschweig Carl Friedrich Gauß
19%
Oldenburg Ulrike Meinhof
15%
Clausthal Robert Koch
13%
Keine übereinstimmenden Quizze gefunden
Verteilung der Resultate
Anzahl Personen mit jedem Resultat
Perzentil nach korrekt beantworteten Fragen
Ihre Resultats-Entwicklung
Sie haben dieses Quiz seit der letzten Aktualisierung nicht gespielt